Proceedings of the International Conference on Science, Technology and Social Sciences (ICSTSS) 2012 /

Uloženo v:
Podrobná bibliografie
Korporativní autor: International Conference on Science, Technology and Social Sciences ( Universiti Teknologi Mara, Malasia)
Další autoři: Kasim, Azman (edición) (edición)
Médium: Konferenční příspěvek Kniha
Jazyk:angličtina
Vydáno: Singapur : Springer, 2014, c2014
Témata:
On-line přístup:Ver documento en línea
Tagy: Přidat tag
Žádné tagy, Buďte první, kdo vytvoří štítek k tomuto záznamu!

MARC

LEADER 00000nam^a2200000^a^4500
001 000420605
005 20251023000000.0
009 20260310122514.377
020 |a 978-981-287-077-3 
037 |a Acervo ITESO - Biblioteca 
041 |a ING 
082 |a 303. 483  |b INT 2012 
111 |a International Conference on Science, Technology and Social Sciences (  |d 2012 :  |c Universiti Teknologi Mara, Malasia) 
245 1 0 |a Proceedings of the International Conference on Science, Technology and Social Sciences (ICSTSS) 2012 /  |c Ed. de A. Kasim… [et al.]. 
264 4 |a Singapur :  |b Springer,  |c 2014, c2014 
264 2 |a Cham, Suiza :  |b Springer Link [distribución],  |c 2014 
300 |a 1 libro electrónico en línea (XVII, 765 p.) 
300 |a 1 recurso en línea 
336 |a datos para computadora  |b cod  |2 rdacontenido 
337 |a computadora  |b c  |2 rdamedio 
338 |a recurso en línea  |b cr  |2 rdasoporte 
506 0 |a Licencias ilimitadas 
649 |a XX 
650 |a Lenguaje Jurídico -  |x Estudio y Enseñanza 
650 |a Interés (Economía) -  |z Malasia 
650 |a Turismo -  |z Malasia -  |x Aspectos Tecnológicos 
650 |a Adaptación Estudiantil -  |z Malasia 
650 |a Navegación -  |x Aspectos Tecnológicos 
650 |a Narcisismo -  |z Malasia 
650 |a Facebook -  |z Malasia -  |x Aspectos Sociales y Culturales 
650 |a Congresos y Convenciones (Organización) 
650 |a Conocimiento -  |x Administración -  |z Malasia 
650 |a Realidad Aumentada 
650 |a Ingeniería -  |x Estudio y Enseñanza 
650 |a Ciclo de Vida del Producto -  |z Malasia 
650 |a Consultoría de Empresas -  |z Malasia -  |x Aspectos Tecnológicos 
650 |a Cocina Islámica 
650 |a Universidades -  |z Malasia -  |x Historia y Crítica 
650 |a Arquitectura Malasia -  |x Historia y Crítica 
650 |a Burocracia -  |z Malasia 
650 |a Riesgo Económico -  |x Evaluación 
650 |a Islamismo -  |x Tema Principal 
650 |a Calidad de Vida 
650 |a Sociolingüística 
650 |a Redes de Comunicación 
650 |a Redes de Computadoras 
650 |a Sistemas Computacionales 
650 |a Recursos Energéticos Renovables 
650 |a Salud Pública 
650 |a Finanzas 
650 |a Desarrollo Tecnológico -  |x Tema Principal 
650 |a Tecnología y Sociedad -  |x Tema Principal 
650 |a Sociología -  |x Tema Principal 
700 |a Kasim, Azman  |e (edición) 
856 4 0 |u https://link-springer-com.ezproxy.iteso.mx/10.1007/978-981-287-077-3  |y Ver documento en línea 
910 |a Fondo General 
920 |a Electrónicos - Libros en Línea 
930 |a Plataforma Digital 
905 |a 205 
901 |a 420605-1  |b IT2  |c EBO  |i C172346  |u 20250521 
902 |a https://opac.biblio.iteso.mx/vufind/Record/000420605